000 00681nam a2200217Ia 4500
003 OSt
005 20220925204303.0
006 a|||||r|||| 00| 0
007 ta
008 220923b |||||||| |||| 00| 0 eng d
037 _cGeneral Book
040 _aRTL
_cRTL
_beng
041 _2eng
_aeng
082 _aX9(F551)p1,N27, F7
111 _aLEAGUE OF NATIONS, ECONOMIC AND FINANCIAL SECTION, INTERNATIONAL ECONOMIC
_9268035
245 0 _aMemorandum on coal
_b Documentation.
260 _aGeneva
_bLeague of Nations publications.
_c1927
300 _aVarious Pagination
_ccm.
942 _hX9(F551)p1,N27, F7
_cGB
_2CC
999 _c548998
_d548998